| 000 | 00894cam a22002773a 4500 | ||
|---|---|---|---|
| 001 | 26085 | ||
| 003 | PGUSA | ||
| 005 | 20140828083548.0 | ||
| 008 | 080718s2008||||xxu|||||s|||||000 1 eng d | ||
| 040 |
_aPGUSA _beng |
||
| 042 | _adc | ||
| 050 | 4 | _aPZ | |
| 100 | 1 |
_aMolesworth, _cMrs, _d1839-1921 |
|
| 245 | 1 | 0 |
_aRobin Redbreast : _bA Story for Girls _h[electronic resource] / _cMolesworth, |
| 260 |
_bProject Gutenberg, _c2008 |
||
| 506 | _aPublic domain in the USA. | ||
| 516 | _aElectronic text | ||
| 653 | _aConduct of life -- Juvenile fiction | ||
| 653 | _aFamily -- England -- Juvenile fiction | ||
| 653 | _aFriendship -- Juvenile fiction | ||
| 653 | _aGreat Britain -- Social life and customs -- 19th century -- Juvenile fiction | ||
| 700 | 1 |
_aBarnes, Robert, _d1840-1895 |
|
| 830 | 0 |
_aProject Gutenberg _v26085 |
|
| 856 | 4 | 0 | _uhttp://www.gutenberg.org/ebooks/26085 |
| 942 | _cEB | ||
| 999 |
_c255340 _d255340 |
||